Al-Quran Al-karim : Terjemahan dan huraian maksud

Bibliographic Details
Other Authors: Muhammad Uthman El-Muhammady
Format: Book
Published: Kuala Lumpur : DBP , 1992
Subjects:

MARC

LEADER 00000cam a2200000 7i4500
001 0000004892
002 000005275
005 20000330.0
020 |a 9836225218 
090 0 0 |a 297.1227   |b ALQ 
245 0 0 |a Al-Quran Al-karim :   |b Terjemahan dan huraian maksud   |c Penterjemahan Abu Salah Muhammad Utman El-Muhammady 
255 |a Jilid 1(Juz 1-Juz 6) 
260 |a Kuala Lumpur :   |b DBP ,   |c 1992 
300 |a 514p. ;   |c 22cm. 
650 0 0 |a Quran   |x Hermeneutics 
700 0 |a Muhammad Uthman El-Muhammady 
999 |a 055659   |b BUKU   |c PINJAMAN   |e PERPUSTAKAAN KOMUNITI CAW KOTA DAMANSARA